| 000 | 00445nam a2200145Ia 4500 | ||
|---|---|---|---|
| 008 | 171212s9999 xx 000 0 und d | ||
| 020 | _a9781925022247 | ||
| 100 | _aJones, Barry | ||
| 245 |
_cJones, Barry _aDictionary of World Biography _b2nd Edition |
||
| 260 |
_bANU E Press _c2015 |
||
| 440 | _aANU Lives Series in Biography | ||
| 650 | _aBiography -- Dictionaries | ||
| 650 | _aHistory | ||
| 856 | _uhttp://www.jstor.org/stable/j.ctt15r3xcb | ||
| 999 |
_c351075 _d351075 |
||